000 00469nam a2200205Ia 4500
003 OSt
005 20230421092023.0
008 210423s2009 xx 000 0 und d
020 _a415192099
040 _cAL
041 _aeng
082 _a808.80384 EASA
100 _aEASTHOPE (Antony).
_991253
245 _aUnconscious.
260 _aLondon
_bRoutledge
_c2009
300 _axvi,,182
_bPB
365 _b240
_cINR
906 _aUnconscious.
942 _2ddc
_cBK
999 _c160403
_d160403